| Поле | Название | Значение |
| |
Тип записи |
a |
| |
Библиографический уровень |
c |
| 001 |
Контрольный номер |
RU/SLIB/B/208744096 |
| 005 |
Дата корректировки |
20260202143231.1 |
| 010 |
Индекс ISBN |
__ |
| a |
ISBN |
5-8474-0191-4. - 5-8474-0192-2 |
| d |
Цена |
1200-00; 42-00 |
| 100 |
Данные общей обработки |
__ |
| a |
Данные общей обработки |
20260202d1993 m y0rusy028902 ca |
| 101 |
Язык документа |
0_ |
| a |
Язык текста |
rus |
| 102 |
Страна публикации |
__ |
| a |
Страна публикации |
RU |
| 105 |
Кодированные данные (монография) |
__ |
| a |
Кодированные данные (монография) |
y z 000yy |
| 181 |
Поле кодированных данных: вид содержания |
_0 |
| a |
Код вида содержания (ISBD) |
i |
| 182 |
Поле кодированных данных: тип средства |
_0 |
| a |
Код типа средства (ISBD) |
n |
| 200 |
Заглавие и сведения об ответственности |
0_ |
| a |
Заглавие |
Фаворитки короля Августа II |
| f |
Первые сведения об ответственности |
Ю. И. Крашевский. Дон Жуан на троне / Сан Сальватор ; составитель С. В. Тимченко |
| 203 |
Вид содержания и тип средства |
__ |
| a |
Вид содержания |
Текст |
| c |
Тип средства |
непосредственный |
| 210 |
Выходные данные |
1_ |
| a |
Место издания |
Москва |
| c |
Издательство |
Культура |
| c |
Издательство |
Отчизна |
| d |
Дата издания |
1993 |
| 215 |
Физическое описание |
__ |
| a |
Объем |
432 с. |
| 225 |
Серия |
2_ |
| a |
Серия |
Тайны венценосцев |
| i |
Наименование части |
Интимная жизнь монархов |
| v |
Обозначение тома |
Т. 1 |
| 327 |
Примечание о содержании |
0_ |
| a |
Примечание о содержании |
Дон Жуан на троне / Сан Сальватор |
| 330 |
Аннотация |
__ |
| a |
Аннотация |
В захватывающей форме представлена биография короля польского Августа II. |
| 517 |
Другие варианты заглавия |
1_ |
| a |
Другие варианты заглавия |
Дон Жуан на троне / Сан Сальватор |
| 600 |
Персоналии |
_1 |
| a |
Персоналии (Фамилия) |
Август |
| 2 |
Код системы |
nlr_sh |
| 600 |
Персоналии |
_1 |
| a |
Персоналии (Фамилия) |
Август Сильный |
| 2 |
Код системы |
nlr_sh |
| 606 |
Тематические рубрики |
__ |
| a |
Основная рубрика |
Художественная литература |
| z |
Хронологическая подрубрика |
19 в. |
| 2 |
Код системы |
nlr_sh |
| 606 |
Тематические рубрики |
__ |
| a |
Основная рубрика |
Литература Европы (произведения) |
| 2 |
Код системы |
nlr_sh |
| y |
Географическая подрубрика |
Германия |
| y |
Географическая подрубрика |
Польша |
| 610 |
Ключевые слова |
0_ |
| a |
Ключевые слова |
польская литература; проза; немецкая литература; исторические деятели; биографии; исторические романы; романы |
| 686 |
Индексы других классификаций |
__ |
| a |
Классификационный индекс |
84(4Пол)-4 |
| 2 |
Код системы |
rubbks |
| 686 |
Индексы других классификаций |
__ |
| a |
Классификационный индекс |
84(4Гем)-4; ст84(4Пол)-4 + ст84(4Гем)-4 |
| 2 |
Код системы |
rubbks |
| 700 |
Автор |
_1 |
| a |
Фамилия |
Крашевский |
| b |
Имя |
Ю. И. |
| g |
Полное личное имя |
Юзеф Игнацы |
| 4 |
Код отношения |
070 |
| 702 |
Вторичная интеллектуальная ответственность |
_1 |
| a |
Фамилия |
Тимченко |
| b |
Имя |
С. В. |
| 4 |
Код отношения |
220 |
| 801 |
Источник записи |
_0 |
| a |
Страна |
RU |
| b |
Организация |
Муниципальное бюджетное учреждение культуры "Централизованная библиотечная система" г. Сургут (Центральная городская библиотека им. А. С. Пушкина) |
| g |
Правила каталогизации |
PSBO |
| 801 |
Источник записи |
_1 |
| a |
Страна |
RU |
| b |
Организация |
Муниципальное бюджетное учреждение культуры "Централизованная библиотечная система" г. Сургут (Центральная городская библиотека им. А. С. Пушкина) |
| g |
Правила каталогизации |
PSBO |
| 852 |
Данные о местонахождении |
__ |
| j |
Шифр хранения |
84(4Пол)-4 |
| c |
Каталожный индекс |
84(4Пол)-4; 84(4Гем)-4 |
| i |
Авторский знак |
К 78 |
| p |
Инвентарный номер |
48030 |
| 901 |
Тип документа |
__ |
| a |
Ответственный |
СКБР2026 |
| t |
Тип документа |
x |
| 901 |
Тип документа |
__ |
| a |
Ответственный |
КиК/Котельникова |
| 903 |
Характеристики (МАРС) |
__ |
| a |
Дата передачи |
20030724 |
| c |
Наименование библиотеки (МАРС) |
Муниципальное бюджетное учреждение культуры "Централизованная библиотечная система" г. Сургут (Центральная городская библиотека им. А. С. Пушкина) |
| 969 |
Тип издания |
__ |
| a |
Тип издания |
сборник |
| 990 |
Данные о заказе (DOS) |
__ |
| j |
Количество экземпляров (DOS) |
3 |
| t |
N записи в КСУ для И/У (DOS) |
200307 |